Estatísticas para Estrangeiros mais partidas Atlético Mineiro

Clique aqui para jogar o quiz

Estatísticas Gerais

  • Esse quiz foi jogado 43 vezes
    (14 desde o último reset)
  • A pontuação média é 13 de 18

Estatísticas das Respostas

JogosPeríodoPaísJogador% Correto
2052016-2020EquCazares
100%
1392020-2024ChiEduardo Vargas
100%
1332020-2022ParJunior Alonso
100%
1092021-2022ArgNacho
100%
992020-2022VenSavarino
100%
1692020-2024ArgZaracho
100%
1272013-2016ArgDátolo
88%
1352016-2020VenOtero
88%
682018-2019ColYimmi Chará
88%
812020-2024EquAlan Franco
75%
1072015-2017ArgLucas Pratto
75%
722022-2024ArgPavon
63%
581998-1999ArgGalván
38%
881972-1974UruMazurkiewicz
38%
721983-1985UruWalter Oliveira
38%
1941968-1973UruCincunegui
25%
1001976-1977ArgOrtiz
25%
1851956-1960ItaBenito Fantoni
13%

Distribuição das Pontuações

Percentil de Números Respondidos

Porcentagem de Pessoas com Cada Pontuação

Sua Pontuação Histórica

Você não jogou esse quiz desde o último reset